000 00572nam a2200229Ia 4500
003 OSt
005 20220519164302.0
008 210210b2013 xxu||||| |||| 00| 0 eng d
020 _a9788184002980
040 _aAL
_c
041 _aeng
082 _a796.358092 SINT
100 _aSINGH (Yuvraj)
_938059
245 _aTest of my life: from cricket to cancer and back
260 _aNoida
_bRandom House
_c2013
300 _axiv,189
650 _acricket
_938060
650 _acancer
_938061
690 _aAutobiography
_938062
906 _a067618
942 _2ddc
_cBK
999 _c150803
_d150803